000 00976cam a22003137a 4500
003 CHAP
005 20220817043838.0
008 020628d1992 mx r 00110 spa d
010 _a85939
011 _a86911
020 _a9686148043
035 _a97451
040 _cCHAP
082 0 4 _a320.4
_bT3
100 0 0 _aTecla Jiménez, Alfredo.
245 1 0 _aLo social, lo médico y su articulación ( metodología)
_c/por Alfredo Tecla Jiménez
260 _aMéxico, D.F. :
_bTaller Abierto,
_c1992.
300 _a183 p.
590 _aBATCH-UPD
_b10
_c20130110
_lUCH01
_h0925
590 _aBATCH-UPD
_b10
_c20130410
_lUCH01
_h0546
590 _aBATCH-UPD
_b10
_c20130914
_lUCH01
_h1807
590 _aCONVERSION
_b10
_c20130109
_lUCH01
_h1348
650 1 4 _aMedicina social.
_973920
650 1 4 _aSociología
_xInvestigación.
_9108204
901 _aBK
905 _aMayto Villalobos S.
942 _cLIBRO
949 _a320.4 T3
_bBC
_cLIBRO
_d33724000850194
_eLIBRO
_h102635
_i97451
_si
999 _c85939
_d85939